00255nam a2200109 a 450000500170000000800410001705000220005810000140008024500210009444000210011565000090013620140414132055.0100520s19uu xx 00 eng d aREF 985bY57 2000 aYip, Dora aWelcome to Peru. aEyewitness books aPeru